عرض عادي
عرض مارك
- McCarthy, E. Jerome
مدخل إسم شخص
001 - رقم الضبط
- حقل الضبط: 18893
003 - معرف رقم الضبط
- حقل الضبط: OSt
005 - تاريخ ووقت أخر عملية
- حقل الضبط: 20121227185710.0
008 - عناصر بيانات ثابتة الطول
- حقل تحكم ثابت الطول: 121227|||a|||||| | ||| d
040 ## - مصدر الفهرسة
- هيئة الفهرسة الأصلية: OSt
- وكالة الكتابة: OSt
100 ## - مدخل -- أسم شخص
- إسم شخص: McCarthy, E. Jerome
- الشكل الكامل للاسم: (Edmund Jerome)
670 ## - بيانات المصدر موجوده
- الاستشهاد بالمصدر: Work cat.: (OSt)0: Perreault, William D. 18891, Essentials of marketing :, c2012.
